000 00347 a2200133 4500
000 nam a22 7a 4500
005 20260305125451.0
020 _a9781009180603
100 _aDesmond S. T. Nicholl
_91123584
245 _aAn Introduction to Genetic Engineering
250 _a4th
260 _bCambridge University Press
_c2023
942 _cTEXL
999 _c1688468
_d1688468